Forum metricum Slovacum zborník vedeckých prác
Salvato in:
| Altri autori: | , |
|---|---|
| Natura: | Libro |
| Lingua: | slovacco ceco inglese |
| Pubblicazione: |
Bratislava
Slovenská štatistická a demografická spoločnosť
2000
|
| Soggetti: | |
| Tags: |
Nessun Tag, puoi essere il primo ad aggiungerne!!
|
MARC
| LEADER | 00000nam a2200000 4500 | ||
|---|---|---|---|
| 001 | c131786 | ||
| 005 | 20221123132831.3 | ||
| 020 | |a 80-88946-16-6 | ||
| 041 | 0 | |a slo | |
| 041 | 0 | |a cze | |
| 041 | 0 | |a eng | |
| 044 | |a SK | ||
| 245 | 1 | 0 | |a Forum metricum Slovacum |b zborník vedeckých prác |c [Zostav. Jozef Chajdiak, Ján Luha] |
| 264 | 1 | |a Bratislava |b Slovenská štatistická a demografická spoločnosť |c 2000 | |
| 300 | |a 75 s. | ||
| 610 | 2 | 0 | |a štatistika |
| 610 | 2 | 0 | |a teória štatistiky |
| 610 | 2 | 0 | |a rady časové |
| 610 | 2 | 0 | |a analýza štatistická |
| 610 | 2 | 0 | |a metódy štatistické |
| 610 | 2 | 0 | |a modely štatistické |
| 700 | 1 | |a Chajdiak, Jozef | |
| 700 | 1 | |a Luha, Ján | |